000 00587nam a2200229Ia 4500
003 OSt
005 20220918210653.0
006 a|||||r|||| 00| 0
007 ta
008 220917b |||||||| |||| 00| 0 eng d
024 _a121,493
037 _cTextual
040 _aARTS
_cARTS
_beng
041 _2eng
_aeng
082 _aV73:2:N5, K0
100 _aEliot Thomas H
_9118968
245 0 _aGoverning American
_b the politics of a free people
260 _c1960
650 _aHISTORY
942 _hV73:2:N5, K0
_cTEXL
_2CC
999 _c244699
_d244699